Quota Formula Review : Additional Considerations.

In July, the Executive Board held its second formal discussion on the quota formula review. Directors agreed on the principles that should guide the review and the importance of meeting the January 2013 deadline, and there were indications of an emerging consensus in a few areas. However, views cont...

Full description

Bibliographic Details
Corporate Author: International Monetary Fund
Format: Journal
Language:English
Published: Washington, D.C. : International Monetary Fund, 2012.
Series:Policy Papers; Policy Paper ; No. 2012/020
Subjects:
Online Access:Full text available on IMF
LEADER 02302cas a2200313 a 4500
001 AALejournalIMF020421
008 230101c9999 xx r poo 0 0eng d
020 |c 5.00 USD 
020 |z 9781498339902 
022 |a 2663-3493 
040 |a BD-DhAAL  |c BD-DhAAL 
110 2 |a International Monetary Fund. 
245 1 0 |a Quota Formula Review :   |b Additional Considerations. 
264 1 |a Washington, D.C. :  |b International Monetary Fund,  |c 2012. 
300 |a 1 online resource (24 pages) 
490 1 |a Policy Papers 
500 |a <strong>Off-Campus Access:</strong> No User ID or Password Required 
500 |a <strong>On-Campus Access:</strong> No User ID or Password Required 
506 |a Electronic access restricted to authorized BRAC University faculty, staff and students 
520 3 |a In July, the Executive Board held its second formal discussion on the quota formula review. Directors agreed on the principles that should guide the review and the importance of meeting the January 2013 deadline, and there were indications of an emerging consensus in a few areas. However, views continued to diverge on several other key issues, and Directors stressed that completing the review will require a spirit of flexibility and compromise on all sides. This paper seeks to provide a basis for the next discussion, taking account of the views expressed in July. It begins by taking stock of the discussions to date. Based on this stock take, it seeks to highlight areas where a relatively broad consensus appears to be emerging. The paper also discusses possible options for addressing concerns raised about the openness variable and provides a range of simulations that seek to illustrate the effects of potential reforms to the formula. The simulations focus on those issues that have garnered the most attention in the discussions to date. 
538 |a Mode of access: Internet 
650 7 |a Emerging Market  |2 imf 
650 7 |a GDP Blend  |2 imf 
650 7 |a GDP  |2 imf 
650 7 |a Open Economy  |2 imf 
650 7 |a PP  |2 imf 
651 7 |a Hong Kong Special Administrative Region, People's Republic of China  |2 imf 
830 0 |a Policy Papers; Policy Paper ;  |v No. 2012/020 
856 4 0 |z Full text available on IMF  |u http://elibrary.imf.org/view/journals/007/2012/020/007.2012.issue-020-en.xml  |z IMF e-Library